000 00345nam a22001097a 4500
008 160502b xxu||||| |||| 00| 0 eng d
100 _aJellestad, J.
245 _aBillig's specialized catalogues. Norway, plating of the first issues (vol 3)
260 _bBillig
_c1948
650 _aNorway | First Issues | Plates and Plating
700 _aOdfjell, A.
999 _c1972
_d1972